000 00462nam a2200169Ia 4500
005 20250120024454.0
008 240331s9999 xx 000 0 und d
020 _a9556070435
082 _bADI
_25620
_a305.4
100 _aAdikaram, A. S
245 0 _aIs Sexual Harassment A Problem At Sri Lanka Workplaces?
260 _aColombo
_bFriedrich-Ebert-Stiftung
_c2005
300 _axvii, 194 p.,
650 _aSexual Harassment
650 _aWorkplace
942 _cL
999 _c4531
_d4531